000
00304nam a2200109Ia 4500
008
201224s9999 xx 000 0 und d
100
_a
Arasaratnam, S.
245
0
_a
Masulipatnam and Cambay: A history of two port-towns 1500-1800
260
_a
New Delhi
_b
Munshiram Manoharlal
300
_a
314
942
_c
BK
999
_c
8725
_d
8725